00407cam a22001452 4500001001100000005001700011008004100028040001500069050002600084110003800110245002700148260003700175300001100212650003800223000000348220151217155822.0070508s xx 000 0 eng d aKABUcKABU 0aKSK1744.51963b.A3K462 aKenya, Government of.@000015192510aConstitution of Kenya. aNairobi :bGovt. Printer,c1963. a247 p. 0aConstitutionszKenya.@0000153436